000 01399ngm a22004330a 4500
001 PT50898
003 AR-LpoUNG
005 20210202000047.0
007 vd cvaizq
008 191001s2013||||ag |||||||||||||||||spa d
037 _c$2,50
040 _aAR-LpoUNG
_bspa
_cAR-LpoUNG
_eaacr
041 _aspa
044 _aag
082 0 _a980 151v2
100 1 _aGaleano, Eduardo
245 1 4 _aLos días de Galeano
260 _aBuenos Aires :
_bMinisterio de Educación de la Nación,
_c2013.
300 _aDVD (25 min.) : son., col.
520 _aEn esta serie basada en el libro "Los hijos de los días", el escritor Eduardo Galeano transita por historias diversas para los distintos días del año. Allí encontraremos relatos que reflejan la vida de hombres y mujeres, tanto célebres como anónimos, de la actualidad y del pasado, de nuestro país y de otros.
650 4 _aAMERICA LATINA
650 4 _aARGENTINA
650 4 _aASPECTOS SOCIALES
650 4 _aCOMUNIDADES
650 4 _aCULTURA POPULAR
650 4 _aENTREVISTAS
650 4 _aHISTORIA
650 4 _aIDENTIDAD CULTURAL
651 4 _aArgentina
653 _aCINE ARGENTINO
653 _aDOCUMENTALES
653 _aDVD
653 _aPERIODISTICO
653 _aVIDEOS
710 2 _aArgentina. Ministerio de Educación
710 2 _aCanal Encuentro (Argentina)
905 _a50898
942 _cDVD
999 _c54041
_d54041